The Best Soups In The World (Record no. 616972)

MARC details
000 -LEADER
fixed length control field 00364nam a2200145 4500
008 - FIXED-LENGTH DATA ELEMENTS--GENERAL INFORMATION
fixed length control field 260305b |||||||| |||| 00| 0 eng d
020 ## - INTERNATIONAL STANDARD BOOK NUMBER
ISBN 9780470180525
Paper back/Hardbound PBK
041 ## - LANGUAGE CODE
Language code of text/sound track or separate title ENG
082 ## - DEWEY DECIMAL CLASSIFICATION NUMBER
Classification number 641.813
Item number WRI
100 ## - MAIN ENTRY--AUTHOR NAME
Personal name Clifford A. Wright
245 ## - TITLE STATEMENT
Title The Best Soups In The World
260 ## - PUBLICATION, DISTRIBUTION, ETC. (IMPRINT)
Place of publication CANADA
Name of publisher WILEY
Year of publication 2010
942 ## - ADDED ENTRY ELEMENTS (KOHA)
Koha item type English Books
Holdings
Withdrawn status Lost status Damaged status Not for loan Home library Current library Shelving location Date acquired Full call number Price effective from Koha item type
        Anna Centenary Library Anna Centenary Library 6TH FLOOR, A WING 20.08.2010 641.813 WRI   English Books

Find us on the map